終疆 . 末世流星雨 . 1
| 資料類型: | 圖書 | 書目號: | 51733 |
Leader xxxxxxxxxx 001 __ 102496/6/01 005 __ 20171120175620.228 010 0_ |a978-957-803-914-8|b第1冊 : 平裝|d新臺幣249元 042 __ |anbic 100 __ |a20171120d2014 m y0chiy50 e 101 0_ |achi 102 __ |atw 105 __ |aaf z 000ay 200 1_ |a終疆|h1|i末世流星雨|f御我著|g午零繪 205 __ |a初版 210 __ |a臺北市|c平裝本|d2014[民103] 215 0_ |a270面|c圖|d21公分 225 12 |a御我作品 225 12 |a平裝本叢書|v第398種 606 __ |2csh|a長篇小說 681 __ |a857.7|b875 v.1 700 _0 |a御我|4著 702 _0 |a午零|4繪 801 _0 |atw|bLibDipper|c20171120|gCCR |